000 01177 a2200217 4500
001 47087
005 20260407155739.0
008 260407a1989 arg spa d
003 AR-UNSa-BCEJYS
040 _aAR-UNSa-BCEJYS
_bspa
_cAR-UNSa-BCEJYS
080 _a330.101.541
_xMacroeconomía
245 1 0 _aMacroeconomía Estructuralista
_pmodelos aplicables en el tercer mundo
020 _a968-24-2801-7
264 1 _aMéxico :
_bTrillas
_c1989
300 _a242 p.
_c23 cm.
505 _a1. La perspectiva estructuralista - 2. Mecanismos de ajuste. El aspecto real - 3. Mecanismos de ajuste. Modelo de dos sectores - 4. Ajuste a corto plazo en la práctica - 5. Dinero y otros activos a corto plazo - 6. Dinero, inflación y crecimiento - 7. Dificultados de la balanza comercial - 8. Activos extranjeros y la balanza de pagos - 9. Modelos de dos sectores de inflación, distribución y crecimiento - 10. Modelos comerciales y crecimiento del sur - 11. Lecciones de política.
942 _cBK
590 _aniveau_biblio:m niveau_hierar:0
100 1 _aTaylor, Lance
856 4 1 _uhttps://www.biblioeco.unsa.edu.ar/pmb/images/libros/L127388.jpg
_yImagen de portada
_qimage/jpeg
999 _c4284
_d4284